Statistics for Lord of the Rings' Most Attractive Characters

Click here to take the quiz!

General Stats

  • This quiz has been taken 362 times
  • The average score is 6 of 8

Answer Stats

Hint Answer % Correct
2ndLegolas
96%
2ndAragorn
96%
1stFrodo
92%
6thSamwise
82%
5thBoromir
80%
7thPippin
79%
4thMerry
79%
8thGollum
12%

Score Distribution

Percentile by Number Answered

Percent of People with Each Score

Your Score History

You have not taken this quiz